Statistics for Losing Vice Presidential Candidates

Click here to take the quiz!

General Stats

  • This quiz has been taken 25 times
  • The average score is 10 of 25

Answer Stats

HintAnswer% Correct
2020Mike Pence
95%
1992Dan Quayle
85%
2000Joe Lieberman
80%
2008Sarah Palin
80%
1980Walter Mondale
80%
2012Paul Ryan
75%
1996Jack Kemp
70%
1984Geraldine Ferraro
65%
2004John Edwards
65%
1988Lloyd Bentsen
65%
1972Sargent Shriver
55%
1976Bob Dole
50%
1960Henry Cabot Lodge Jr.
40%
2016Tim Kaine
35%
1964William Miller
25%
1948Earl Warren
15%
1932Charles Curtis
10%
1944John Bricker
5%
1924Charles Bryan
0%
1940Charles McNary
0%
1968Edward Muskie
0%
1956Estes Kefauver
0%
1936Frank Knox
0%
1952John Sparkman
0%
1928Joseph Robinson
0%

Score Distribution

Percentile by Number Answered

Percent of People with Each Score

Your Score History

You have not taken this quiz